| Поле | Название | Значение |
| |
Тип записи |
a |
| |
Библиографический уровень |
a |
| 001 |
Контрольный номер |
d4828e4f0f534b48aba674677579aa7a |
| 005 |
Дата корректировки |
20140506180901.8 |
| 200 |
Заглавие и сведения об ответственности |
__ |
| a |
Заглавие |
Субъекты малого предпринимательства в торговле |
| 461 |
Уровень набора |
_0 |
| 1 |
|
2001 |
| a |
|
Социс |
| 463 |
Уровень физической единицы |
_0 |
| 1 |
|
200 |
| v |
|
С.77-84 |
| 1 |
|
210 |
| d |
|
2001. - №6 |
| 686 |
Индексы других классификаций |
__ |
| a |
Классификационный индекс |
60.54 |
| 700 |
Автор |
__ |
| a |
Фамилия |
Ващекин |
| b |
Имя |
Н.П. |
| 701 |
Альтернативная интеллектуальная ответственность |
__ |
| a |
Фамилия |
С.И.Королева |
| 901 |
Тип документа |
__ |
| t |
Тип документа |
b |
| 938 |
Служебная информация |
__ |
| a |
Название организации |
Волгоградский филиал |
| b |
Имя БД |
Статьи ВКИ |
| c |
Название АИБС |
АИБС МАРК-SQL |